000 00693nam a22001817a 4500
003 JO-AjAnu
005 20240909134519.0
008 240909b jo ||||| |||| 00| 0 ara d
022 _a9787-603-01-3106-8
040 _aJO-AjAnu
_bARA
_cJO-AjAnu
041 _hARA
100 _aالعبدان، عبد الرحمن عبد العزيز
_eمعد
_966195
245 _aالموسوعة الغنية في مصطلحات علم الترجمة والترجمة الآلية
_c/ اعداد عبد الرحمن عبد العزيز العبدان
260 _aالرياض:
_bالمؤلف،
_c2013
300 _a480 صفحة
650 _vالترجمة-اللغة العربية
942 _2lcc
_cBK
_n0
999 _c33676
_d33676